LEADER 01195nam a2200277 i 4500 001 000000180498 003 CaOOAMICUS 005 20090625000000.0 008 090625s1972 it u000 u ita u 013 $a158143 040 $aSeMil$bita 100 1 $aJeanmaire, Henri.$0(OLS)http://semarc/name/66792 240 10$aDionysos.$0(OLS)http://semarc/title/259177 245 10$aDioniso :$breligione e cultura in Grecia /$cHenri Jeanmaire ; appendice e aggiornamento bibliografico di Furio Jesi. 250 $a2. ed. 260 $aTorino :$bGiulio Einaudi,$c1972. 300 $aXXIV, 546 p. ;$c22 cm. 490 0 $aNuova biblioteca scientifica Einaudi ;$v38 650 4$aDioniso - Culto.$0(OLS)http://semarc/subject/34289 700 1 $aJesi, Furio,$d<1941-1980>.$0(OLS)http://semarc/name/23608 830 0$aNuova biblioteca scientifica Einaudi ;$v38.$0(OLS)http://semarc/title/17897 850 $aSeMil 852 $aSeMil$W1$xVenegono$y1$m2R III 163$j131246$B131246$CSeMilBibl$Z2$F143261 $81 961 $aOmaggio: Altro 996 $6245$aDioniso :$breligione e cultura in Grecia$9(OLS)http://semarc/title/259176 996 $6260$aTorino :$bGiulio Einaudi$9(OLS)http://semarc/publisher/29810 LEADER 01574nam a2200301 i 4500 001 000000118032 003 CaOOAMICUS 005 20211019114437.0 008 030917s1992 it u000 u ita u 013 $a90725 040 $aSeMil$bita 100 1 $aSiccardi, Cristina,$d<1966- >.$0(OLS)http://semarc/name/41718 245 10$aGiulia dei poveri e dei re :$bla straordinaria vita della Marchesa di Barolo e di suo marito Tancredi: dalla Francia a Torino tra il palazzo e la galera /$cCristina Siccardi. 264 1$aCavallermaggiore :$bGribaudo,$c1992. 300 $a326 p., 32 p. di tav. :$bill. ;$c22 cm. 541 $aFondo card. Carlo Maria Martini (3J V 95) 541 $aOmaggio card. Angelo Scola (3H II 583) 600 14$aColbert, Juliette <1785-1864>.$0(OLS)http://semarc/subject/21838 850 $aSeMil 852 $aSeMil$W1$xVenegono$y1$m3J V 95$j73363$B73363$CSeMilBibl$Z2$F99928 $81 852 $aSeMil$W1$xVenegono$y1$m3H II 583$j229642$B239182$CSeMilBibl$Z2$F239182 $81 941 1 $a4 941 1 $a6 961 $aFondo card. Carlo Maria Martini. -- Con dedica autografa dell'autore (Cristina Siccardi) al card. Carlo Maria Martini 961 $aOmaggio card. Angelo Scola. -- Timbro del card. Angelo Scola 996 $6245$aGiulia dei poveri e dei re :$bla straordinaria vita della Marchesa di Barolo e di suo marito Tancredi: dalla Francia a Torino tra il palazzo e la galera$9(OLS)http://semarc/title/173357 996 $6264$aCavallermaggiore :$bGribaudo$9(OLS)http://semarc/publisher/33031 LEADER 01664nam a2200349 i 4500 001 000000053643 003 CaOOAMICUS 005 20260129142138.0 008 970724s1770 it u000 u lat u 026 $ar.m, r.e- roin riri (3) 1770 (R) 040 $aSeMil$bita 245 10$aMissae in agenda defunctorum tantum deservientes ex missali romano recognito desumptae, cum ordinario, & canone, ut in ipsis servantur, ad usum, et commoditatem omnium ecclesiarum. 260 $aVenetiis :$bTypis Francisci ex Nicolao Pezzana,$c1770. 300 $a24 p. :$bill. ;$cfol. 500 $aNotazione neumatica nera su tetragramma rosso 500 $aVignetta xilogr. sul front. in cornice 500 $aIll. xilogr. a piena pagina 500 $aIniz. xilogr. 500 $aFront. e testo in rosso e nero 500 $aTesto su due colonne 500 $aSegn.: A12 650 4$aLibri liturgici - Rituali - Esequie - Rito romano.$0(OLS)http://semarc/subject/42823 700 1 $aPezzana, Francesco,$c.$0(OLS)http://semarc/name/13733 710 2 $aChiesa Cattolica.$0(OLS)http://semarc/name/987 850 $aSeMil 852 $aSeMil$W1$xVenegono$y1$m3K VI 198 FA$j19797$B19797$CSeMilBibl$Z2$F19799 $8I 910 2 $aSanta Sede. 961 $aOmaggio: Donazione 996 $6245$aMissae in agenda defunctorum tantum deservientes ex missali romano recognito desumptae, cum ordinario, & canone, ut in ipsis servantur, ad usum, et commoditatem omnium ecclesiarum$9(OLS)http://semarc/title/82693 996 $6260$aVenetiis :$bTypis Francisci ex Nicolao Pezzana$9(OLS)http://semarc/publisher/39976 LEADER 00518nab a2200145 i 4500 001 000000313603 003 CaOOAMICUS 005 20180831173115.0 008 180831n xx uu u0 0und r 013 $a22693 040 $aSeMil$bita 100 1 $aVittori, Piero.$0(OLS)http://semarc/name/88513 245 10$aFonti e lineamenti delle idee pedagogiche di Federigo Borromeo. 773 0 $t[Gennaio-Giugno].$g206-213$w()274239 996 $6245$aFonti e lineamenti delle idee pedagogiche di Federigo Borromeo$9(OLS)http://semarc/title/387848 LEADER 01093nam a2200253 i 4500 001 000000038127 003 CaOOAMICUS 005 20260424113950.0 008 931231s1971 gw u000 u ger u 013 $a8532 040 $aSeMil$bita 100 1 $aScheler, Max,$d<1874-1928>.$0(OLS)http://semarc/name/7920 245 10$aFrühe Schriften /$cMax Scheler ; mit einem Anhang hrsg. von Maria Scheler und Manfred S. Frings. 260 $aBern ; München :$bFrancke,$c1971. 300 $a434 p. ;$c24 cm. 700 1 $aFrings, Manfred S.$0(OLS)http://semarc/name/18246 700 1 $aScheler, Maria.$0(OLS)http://semarc/name/124232 773 0 $aScheler, Max <1874-1928>$tGesammelte Werke.$dBern ; München : Francke : [poi]... Bonn : Bouvier, 1971-1990.$gBd.1$w()17321 850 $aSeMil 852 $aSeMil$W1$xVenegono$y1$m2LL II 31$j270915$B4282$CSeMilBibl$Z2$F4282 $81 961 $aAcquisto: Altro 996 $6245$aFrühe Schriften$9(OLS)http://semarc/title/53696 996 $6260$aBern ; München :$bFrancke$9(OLS)http://semarc/publisher/34775